| 000 | 00549nam a22001697a 4500 | ||
|---|---|---|---|
| 008 | 150520b xxu||||| |||| 00| 0 eng d | ||
| 020 | _a9780071752251 (alk. paper) | ||
| 020 | _a0071752250 (alk. paper) | ||
| 041 | 0 | _aeng | |
| 080 | _a793.7 | ||
| 100 | _aTimmerman, Charles. | ||
| 245 | 0 | 0 |
_aExercise your executive brain : _cCharles Timmerman. |
| 260 |
_aNew York : _bMcGraw-Hill, _cc2011. |
||
| 300 |
_a354 f _bme il _c23 cm. |
||
| 650 | 0 | _aLojëra me fjalë | |
| 942 |
_2udc _cBK |
||
| 999 |
_c866 _d866 |
||